000 00474 a2200193 4500
005 20260227094659.0
008 260225b |||||||| |||| 00| 0 eng d
020 _a9788121919272
_cRs. 575.00
040 _aMAIN
082 _a346.07
_bP645B(3)
100 _aPillai, R S N
245 _aBusiness law
260 _bS Chand
_c2024
_aNoida
300 _axvi, 566
650 _aSales-Law
650 _aContracts-Law and Legislation
700 _aBagavathi
942 _cBK
999 _c396315
_d396315